Online
Catalog

El cultivo de Chile tabasco para procesamiento. (Record no. 36953)

MARC details
000 -CABECERA
campo de control de longitud fija 00258nam a2200097 a 4500
005 - FECHA Y HORA DE LA ÚLTIMA TRANSACCIÓN
campo de control 20200930080400.0
008 - DATOS DE LONGITUD FIJA--INFORMACIÓN GENERAL
campo de control de longitud fija 120418s1996 000 spa d
040 ## - FUENTE DE LA CATALOGACIÓN
Centro catalogador/agencia de origen DO-SdBNP
245 #3 - MENCIÓN DE TÍTULO
Título El cultivo de Chile tabasco para procesamiento.
260 ## - PUBLICACIÓN, DISTRIBUCIÓN, ETC.
Lugar de publicación, distribución, etc. La Lima,
Fecha de publicación, distribución, etc. 1996.

No items available.

Powered by Koha